00978nam a2200205 i 4500001000700000003000900007005001700016007000300033008004100036100003900077245024200116260007600358300002200434650004000456700003300496710008200529852002100611999001900632952012100651104509ES-MaACL20250729050627.0t|051130s1975 sp |||| | spa d1 aMillán Barbany, Gregorio.98114210aProblemas matemáticos de la mecánica de fluidos b: estructura de las ondas de choque y combustión / cdiscurso leído en el acto de su recepción por Gregorio Millán Barbany y contestación del ... Sr. D. Felipe Lafita Babio. aMadrid : bAcademia de Ciencias Exactas, Físicas y Naturales, c1975. a658 p. ; c24 cm.07aMecánica de fluidos2embne9148771 aLafita Babio, Felipe.9694922 aReal Academia de Ciencias Exactas, Físicas y Naturales de España.9175635 aES-MaACLjE-1907 c104509d104509 00104070aATENEOMbATENEOMcDEPO2d2008-01-17eSCl0oE-1907p1109114r2023-02-23 00:00:00w2023-02-23yMONOGRAFIA